Piloti Vincitori dei Gran Premi di Formula 1 2011 - Statistics

Statistiche generali
  • Questo quiz è stato fatto 27 volte
  • Il punteggio medio è 19 su 19
Statistiche sulle risposte
Gran Premio Vincitore % Corretto
Gran Premio di Cina Lewis Hamilton
100%
Gran Premio di Germania Lewis Hamilton
100%
Gran Premio di Abu Dhabi Lewis Hamilton
100%
Gran Premio d'Australia Sebastian Vettel
100%
Gran Premio della Malesia Sebastian Vettel
100%
Gran Premio di Turchia Sebastian Vettel
100%
Gran Premio di Spagna Sebastian Vettel
100%
Gran Premio di Monaco Sebastian Vettel
100%
Gran Premio d'Europa Sebastian Vettel
100%
Gran Premio del Belgio Sebastian Vettel
100%
Gran Premio d'Italia Sebastian Vettel
100%
Gran Premio di Singapore Sebastian Vettel
100%
Gran Premio di Corea Sebastian Vettel
100%
Gran Premio d'India Sebastian Vettel
100%
Gran Premio di Gran Bretagna Fernando Alonso
96%
Gran Premio del Canada Jenson Button
92%
Gran Premio d'Ungheria Jenson Button
92%
Gran Premio del Giappone Jenson Button
92%
Gran Premio del Brasile Mark Webber
84%
Nessun quiz corrispondente trovato
Distribuzione punteggi
Percentuale di utenti per punteggio
Percentile per numero di risposta
I tuoi punteggi nel tempo
Non hai fatto questo quiz